Zákon o spotrebiteľských úveroch platí len pre fyzické osoby
V októbri 2001 nadobudol účinnosť zákon č. 258/2001 Z.z o spotrebiteľských úveroch. Spotrebiteľské úvery sú novinkou, ide o novú právnu normu, ktorá dosiaľ nemala obdobu v slovenskej legislatíve. Zmluvy, na ktoré sa zákon vzťahuje. Dôraz na ochranu spotrebiteľa. Zákon sa vzťahuje výlučne na fyzické...
Gespeichert in:
| 1. Verfasser: | |
|---|---|
| Format: | Buchkapitel |
| Sprache: | Slowakisch |
| Schlagworte: | |
| Tags: |
Keine Tags, Fügen Sie das erste Tag hinzu!
|
MARC
| LEADER | 00000naa a2200000 4500 | ||
|---|---|---|---|
| 001 | r043285 | ||
| 005 | 20230921112254.0 | ||
| 041 | 0 | |a slo | |
| 044 | |a SK | ||
| 245 | 1 | 0 | |a Zákon o spotrebiteľských úveroch platí len pre fyzické osoby |c Michal Hrapko |
| 520 | |a V októbri 2001 nadobudol účinnosť zákon č. 258/2001 Z.z o spotrebiteľských úveroch. Spotrebiteľské úvery sú novinkou, ide o novú právnu normu, ktorá dosiaľ nemala obdobu v slovenskej legislatíve. Zmluvy, na ktoré sa zákon vzťahuje. Dôraz na ochranu spotrebiteľa. Zákon sa vzťahuje výlučne na fyzické osoby. | ||
| 610 | 2 | 0 | |a úver spotrebiteľský |
| 610 | 2 | 0 | |a zákony |
| 610 | 2 | 0 | |a osoby fyzické |
| 610 | 2 | 0 | |a ochrana spotrebiteľa |
| 610 | 2 | 0 | |a Slovensko |
| 610 | 2 | 0 | |a 2001 |
| 100 | 1 | |a Hrapko, Michal | |